| 000 | 00628nam a2200181Ia 4500 | ||
|---|---|---|---|
| 008 | 100921s9999 xx 000 0 und d | ||
| 082 |
_b36152 _a891.433 थ 76 |
||
| 100 | _aरंजीत. | ||
| 245 | _aजाली हत्यारा. | ||
| 260 |
_bहिंद पॉकेट बुक्स,दिल्ली. _c1976 |
||
| 300 |
_a198 _b--- |
||
| 365 | _b4 | ||
| 520 | _aललित -हिंदी-कथा,कादं. | ||
| 630 | _aजाली हत्यारा. | ||
| 650 | _aललित -हिंदी-कथा,कादं. | ||
| 730 | _aजाली हत्यारा. | ||
| 942 | _cBOOK | ||
| 999 |
_c785265 _d785262 |
||